| 000 | 00372cam a2200169 4500 | ||
|---|---|---|---|
| 001 | D12212 | ||
| 008 | 090401t1931 xxu||||| |||| 00| 0 eng d | ||
| 035 | _a(Sirsi) u1990 | ||
| 041 | _aeng | ||
| 100 | _aBowen, David | ||
| 245 | _aLand tax and valuation | ||
| 260 |
_bEstates Gazette _c1931 |
||
| 350 | _a0 | ||
| 520 | _aShelf 113 | ||
| 942 | _n0 | ||
| 948 | _c04/03/1997 | ||
| 999 |
_c85717 _d85717 |
||